000 01004cam a2200253 4500
001 ABS65256
008 020327n2002 000 0 eng u
035 _a(Sirsi) u117260
245 _aGerman finance
260 _c2002
490 _aEuroProperty
_vFebruary 2002, 39-46(7)
520 _aExamines how German property lenders are looking at ways to improve their profitability. New capital adequacy guidelines, known as Basel II are assisting, as they could allow banks to introduce a more risk-adjusted pricing of their loans. Discusses the current position of mortgage banks, public banks, the reform of the Basel Capital Accord and German property services.
590 _aABS
650 _aMORTGAGE BANKS
650 _aPROPERTY SERVICES
650 _aBASEL CAPITAL ACCORD
650 _aBASEL II
650 _aPUBLIC BANKS
650 _aGERMANY
650 _aPROPERTY LENDERS
650 _aPROFITABILITY
690 _aMANAGEMENT-BUSINESS MANAGEMENT-FINANCIAL MANAGEMENT
942 _n0
999 _c69853
_d69853